000 00558nam a2200181Ia 4500
008 090123s9999 xx 000 0 und d
082 _b40262
100 _aराजाध्यक्ष मं.गो.
245 _aसृजनगंध
250 _a1
260 _bनवचैतन्य प्रकाशन
_c2005
300 _a124
600 _aराजाध्यक्ष मं.गो.
630 _aसृजनगंध
700 _aराजाध्यक्ष मं.गो.
730 _aसृजनगंध
942 _cBOOK
999 _c78337
_d78337